Percepcion del mundo (La) (Record n. 43592)
[ formato base ]
| 000 -LEADER | |
|---|---|
| fixed length control field | 01263nam a2200325Ia 4500 |
| 001 - CONTROL NUMBER | |
| control field | 98195 |
| 003 - CONTROL NUMBER IDENTIFIER | |
| control field | IT-RoPAU |
| 008 - FIXED-LENGTH DATA ELEMENTS--GENERAL INFORMATION | |
| fixed length control field | 130308s9999 xx 000 0 und d |
| 040 ## - CATALOGING SOURCE | |
| Original cataloging agency | IT-RoPAU |
| 040 ## - CATALOGING SOURCE | |
| Transcribing agency | IT-RoPAU |
| 041 ## - LANGUAGE CODE | |
| Language code of text/sound track or separate title | SPAGNOLO |
| 999 ## - SYSTEM CONTROL NUMBERS (KOHA) | |
| Koha Dewey Subclass [OBSOLETE] | SI |
| 100 ## - MAIN ENTRY--PERSONAL NAME | |
| Personal name | Krech David |
| 100 ## - MAIN ENTRY--PERSONAL NAME | |
| Miscellaneous information | Codice Aut. SPICS: 33797 |
| 245 ## - TITLE STATEMENT | |
| Title | Percepcion del mundo (La) |
| 245 ## - TITLE STATEMENT | |
| Remainder of title | Proceso Y Efectos de la comunicacion colectiva (1) |
| 250 ## - EDITION STATEMENT | |
| Edition statement | 1a ed. |
| 260 ## - PUBLICATION, DISTRIBUTION, ETC. (IMPRINT) | |
| Place of publication, distribution, etc. | QUITO |
| 260 ## - PUBLICATION, DISTRIBUTION, ETC. (IMPRINT) | |
| Name of publisher, distributor, etc. | Ciespal |
| 260 ## - PUBLICATION, DISTRIBUTION, ETC. (IMPRINT) | |
| Date of publication, distribution, etc. | 1964 [1° Ed.:1964 - Ed.Ling.Originale:1954] |
| 300 ## - PHYSICAL DESCRIPTION | |
| Extent | "16 p. (prefazione: no ; testo: 16 [pagine: 90-105])" |
| 500 ## - GENERAL NOTE | |
| General note | Percezione del Mondo. Determinanti importanti della Percezione. Fattori Strutturali e Funzionali. Il Campo Percettivo e Conoscitivo al suo Stato Naturale è Organizzato e Ha un Significato. Perecezione Funzionalmente Selettiva. Dinamica del Comportamento. Percezione Visiva. Percezione delle caratteristiche Individuali e di Gruppo. Prossimità e Somiglianza. Percezione della Causa e dell'Effetto. |
| 650 ## - SUBJECT ADDED ENTRY--TOPICAL TERM | |
| Topical term or geographic name as entry element | TEORIA DELLA COMUNICAZIONE SOCIALE |
| 650 ## - SUBJECT ADDED ENTRY--TOPICAL TERM | |
| Relator term | Codice materia Spics: 3802 |
| 700 ## - ADDED ENTRY--PERSONAL NAME | |
| Personal name | Crutchfield Richard S. |
| 700 ## - ADDED ENTRY--PERSONAL NAME | |
| Miscellaneous information | Codice Aut. SPICS: 33798 |
| 942 ## - ADDED ENTRY ELEMENTS (KOHA) | |
| Koha item type | LIBRO |
| 957 ## - | |
| -- | 1 |
| 999 ## - SYSTEM CONTROL NUMBERS (KOHA) | |
| -- | 1 |
| Withdrawn status | Lost status | Damaged status | Not for loan | Home library | Current library | Date acquired | Total Checkouts | Full call number | Date last seen | Price effective from | Koha item type | Public note |
|---|---|---|---|---|---|---|---|---|---|---|---|---|
| Buone Condizioni | Not For Loan | SPICS-MEDIATECA | SPICS-MEDIATECA | 08/03/2013 | 98195 | 08/03/2013 | 08/03/2013 | LIBRO | Progressivo inserimento: 11655 / N. Volumi: 0 [=Contributo] Copie: 1 Copia Rara: SI / data import: 1 marzo 2013 - By Epidotti, Trombetti, Vaglietti. |